Bê tông phun trong xây dựng hầm

Trình bày công nghệ bê tông phun và yếu tố chính quyết định đến sản phẩm bê tông phun. Các phương pháp thiết kế cấp phối bê tông phun căn cứ theo từng điều kiện cụ thể. Kỹ thuật ứng dụng công nghệ bê tông phun....

ver descrição completa

Na minha lista:
Detalhes bibliográficos
Autor principal: Nguyễn Viết Trung
Outros Autores: Trần Việt Hùng, Lê Huy Tuyền
Formato: Livro
Idioma:Vietnamese
Publicado em: H. Xây dựng 2017
Assuntos:
Tags: Adicionar Tag
Sem tags, seja o primeiro a adicionar uma tag!
Thư viện lưu trữ: Thư viện Trường Đại học Nam Cần Thơ
LEADER 01838nam a22002657a 4500
001 NCT_63620
008 190419b xxu||||| |||| 00| 0 vie d
999 |c 3077  |d 3077 
020 |a 9786048220891  |c 79000 
082 0 4 |2 23rd ed.  |a 624.193  |b Tr513 
100 1 |a Nguyễn Viết Trung 
245 1 0 |a Bê tông phun trong xây dựng hầm  |c Nguyễn Viết Trung, Trần Việt Hùng, Lê Huy Tuyền 
260 |a H.  |b Xây dựng  |c 2017 
300 |a 147 tr.  |b Minh họa  |c 27cm 
520 3 |a Trình bày công nghệ bê tông phun và yếu tố chính quyết định đến sản phẩm bê tông phun. Các phương pháp thiết kế cấp phối bê tông phun căn cứ theo từng điều kiện cụ thể. Kỹ thuật ứng dụng công nghệ bê tông phun.  
653 |a Kỹ thuật Công trình Xây dựng 
700 1 |a Trần Việt Hùng 
700 1 |a Lê Huy Tuyền 
942 |2 ddc  |c BK 
952 |0 0  |1 0  |2 ddc  |4 0  |6 624_193000000000000_TR513  |7 0  |9 16720  |a 000001  |b 000001  |d 2019-04-19  |o 624.193 Tr513  |p MD.15336  |r 2019-04-19  |v 79000.00  |w 2019-04-19  |y BK 
952 |0 0  |1 0  |2 ddc  |4 0  |6 624_193000000000000_TR513  |7 0  |9 16721  |a 000001  |b 000001  |d 2019-04-19  |o 624.193 Tr513  |p MD.15337  |r 2019-04-19  |v 79000.00  |w 2019-04-19  |y BK 
952 |0 0  |1 0  |2 ddc  |4 0  |6 624_193000000000000_TR513  |7 0  |9 16722  |a 000001  |b 000001  |d 2019-04-19  |o 624.193 Tr513  |p MD.15338  |r 2019-04-19  |v 79000.00  |w 2019-04-19  |y BK 
952 |0 0  |1 0  |2 ddc  |4 0  |6 624_193000000000000_TR513  |7 0  |9 16723  |a 000001  |b 000001  |d 2019-04-19  |o 624.193 Tr513  |p MD.15339  |r 2019-04-19  |v 79000.00  |w 2019-04-19  |y BK 
952 |0 0  |1 0  |2 ddc  |4 0  |6 624_193000000000000_TR513  |7 0  |9 16724  |a 000001  |b 000001  |d 2019-04-19  |o 624.193 Tr513  |p MD.15340  |r 2019-04-19  |v 79000.00  |w 2019-04-19  |y BK 
980 |a Thư viện Trường Đại học Nam Cần Thơ